00480nam a22001457a 4500003000500000038001800005082000800023100002500031245010100056264003400157300002500191650002900216700003100245856005800276NUST aNusrat Nadeem a200 aMaqbool Sundus Naila aEffect of combinatorial drug therapy on the progression of breast cancer/cSundus Naila Maqbool  aIslamabad;bASAB NUST;c2023. a135,p;bill;c30,cm. aPhD-Applied Biosciences  aSupervisor:Dr.Rumeza Hanif u http://10.250.8.41:8080/xmlui/handle/123456789/30253